00326nam a2200145Ia 4500008004100000020001500041041001200056082001600068100001900084245002500103250000800128260002200136300000800158650001400166221030s9999 xx 000 0 und d a8129708671 aEnglish a105.23bSom aI. Sommerville 0aSoftware Engineering a7th bTMHaNew Delhic0 a781 aComputers